Catálogo

Gerencia y administración estratégica de la atención médica / (Registro nro. 68498)

Detalles MARC
000 -LEADER
fixed length control field 01556nam a2200349 i 4500
001 - CONTROL NUMBER
control field 68498
003 - CONTROL NUMBER IDENTIFIER
control field Mx-PuUPA
005 - DATE AND TIME OF LATEST TRANSACTION
control field 20220616124008.0
008 - FIXED-LENGTH DATA ELEMENTS--GENERAL INFORMATION
fixed length control field 200107s2015 mx a fr 001 0 spa da d
020 ## - INTERNATIONAL STANDARD BOOK NUMBER
International Standard Book Number 9786079356583
020 ## - INTERNATIONAL STANDARD BOOK NUMBER
International Standard Book Number 9786070263545 (UNAM)
040 ## - CATALOGING SOURCE
Original cataloging agency Mx-PuUPA
Language of cataloging spa
Transcribing agency Mx-PuUPA
Modifying agency Mx-PuUPA
Description conventions rda
041 0# - LANGUAGE CODE
Language code of text/sound track or separate title spa
245 00 - TITLE STATEMENT
Title Gerencia y administración estratégica de la atención médica /
Statement of responsibility, etc. Guillermo Fajardo Ortiz, coordinador ; colaboradores, Hector Aguirre Gas, Fernando José Amado y Luarca, Adalberto Ávalos Flores [y otros 39].
264 31 - PRODUCTION, PUBLICATION, DISTRIBUTION, MANUFACTURE, AND COPYRIGHT NOTICE
Place of production, publication, distribution, manufacture México, D.F. :
Name of producer, publisher, distributor, manufacturer Universidad Nacional Autónoma de México :
-- Editorial Médica Panamericana,
Date of production, publication, distribution, manufacture, or copyright notice 2015
300 ## - PHYSICAL DESCRIPTION
Extent xxii, 704 páginas :
Other physical details ilustraciones ;
Dimensions 23 cm.
336 ## - CONTENT TYPE
Fuente rdacontent
Content type term texto
Content type code txt
337 ## - MEDIA TYPE
Source rdamedia
Media type term sin medio
Media type code n
338 ## - CARRIER TYPE
Source rdacarrier
Carrier type term volumen
Carrier type code nc
650 14 - SUBJECT ADDED ENTRY--TOPICAL TERM
Topical term or geographic name entry element Administración de servicios médicos y de la salud
Geographic subdivision América Latina
650 14 - SUBJECT ADDED ENTRY--TOPICAL TERM
Topical term or geographic name entry element Servicios de salud
General subdivision Administración
Form subdivision Estudios de casos
650 14 - SUBJECT ADDED ENTRY--TOPICAL TERM
Topical term or geographic name entry element Planeamiento de la salud
Geographic subdivision América Latina
650 14 - SUBJECT ADDED ENTRY--TOPICAL TERM
Topical term or geographic name entry element Servicios de salud
General subdivision Innovaciones tecnológicas
700 1# - ADDED ENTRY--PERSONAL NAME
Personal name Fajardo, Guillermo,
Relator term coordinador
9 (RLIN) 10353
700 1# - ADDED ENTRY--PERSONAL NAME
Personal name Aguirre Gas, Héctor,
Relator term colaborador
700 1# - ADDED ENTRY--PERSONAL NAME
Personal name Amado y Luarca, Fernando José,
Relator term colaborador
700 1# - ADDED ENTRY--PERSONAL NAME
Personal name Ávalos Flores, Adalberto,
Relator term colaborador
942 ## - ADDED ENTRY ELEMENTS (KOHA)
Source of classification or shelving scheme Dewey Decimal Classification
Koha item type Libro
Classification part 362.1098
Item part G367
Existencias
Withdrawn status Lost status Source of classification or shelving scheme Damaged status Not for loan Collection code Home library Current library Shelving location Date acquired Source of acquisition Cost, normal purchase price Total Checkouts Full call number Barcode Date last seen Copy number Cost, replacement price Price effective from Koha item type
    Dewey Decimal Classification     General Biblioteca Karol Wojtyla Biblioteca Karol Wojtyla Sala general 17/02/2021 1 1083.00   362.1098 G367 2015 100629 05/01/2026 Ej.2 1083.00 17/02/2021 Reserva permanente
    Dewey Decimal Classification     General Biblioteca Karol Wojtyla Biblioteca Karol Wojtyla Sala general 17/02/2021 1 1083.00   362.1098 G367 2015 100628 05/01/2026   1083.00 17/02/2021 Reserva permanente